000 01217cam a2200289Ia 4500
001 richcatpoorcatby00wabe
003 CaSfIA
005 20210118215313.0
007 cr||||
008 940711s1963 nyua 000 0 eng d
040 _aFCS
_cFCS
_dOCL
_dCaSfIA
020 _a0590430912
020 _a9780590430913
035 _a(OCoLC)30742102
092 _aE
_bW
100 1 _aWaber, Bernard.
245 1 0 _aRich cat, poor cat / by Bernard Waber.
_h[electronic resource]
260 _aNew York :
_bScholastic,
_cc1963.
300 _a48 p. :
_bcol. ill. ;
_c28 cm.
500 _a"A Blue Ribbon Book"--Cover.
650 0 _aCats
_vJuvenile fiction.
856 4 1 _uhttp://www.archive.org/details/richcatpoorcatby00wabe
_zFree eBook from the Internet Archive
856 4 2 _uhttp://www.openlibrary.org/books/OL24218394M
_zAdditional information and access via Open Library
942 _cEB
506 _fНеобхідна авторизація на https://archive.org/ (створення облікового запису безкоштовно)
506 _fНеобхідна авторизація на https://openlibrary.org/ (створення облікового запису безкоштовно)
999 _c543718
_d543718